CANADIAN JOURNAL OF BOTANY (Record no. 3143)

MARC details
000 -LEADER
fixed length control field 00411nam a2200145Ia 4500
022 ## - INTERNATIONAL STANDARD SERIAL NUMBER
ISSN 0008-4026
245 #0 - TITLE STATEMENT
Title CANADIAN JOURNAL OF BOTANY
260 ## - PUBLICATION, DISTRIBUTION, ETC. (IMPRINT)
Name of publisher National Research Council of Canada, Ottawa
Place of publication Canada
310 ## - CURRENT PUBLICATION FREQUENCY
Current publication frequency M
500 ## - GENERAL NOTE
General note Ending Volume & Year: 68, 1990
500 ## - GENERAL NOTE
General note Missing Volume: 67
500 ## - GENERAL NOTE
General note Starting Volume & Year: 47, 1969
942 ## - ADDED ENTRY ELEMENTS (KOHA)
Koha item type Bound Journal
Holdings
Withdrawn status Lost status Damaged status Not for loan Home library Current library Date acquired Accession Number Koha item type
      Bound journals RRII Library RRII Library 31/12/2021 03117J Bound Journal